| 000 | 00672nam a2200217 i 4500 | ||
|---|---|---|---|
| 001 | 15763 | ||
| 003 | ES-MaACL | ||
| 005 | 20230906151140.0 | ||
| 007 | t| | ||
| 008 | 000505s1994 sp ||||0| spa j | ||
| 020 | _a84-88712-01-4 | ||
| 040 |
_aM-BN _bspa _cM-BN |
||
| 080 | _a73:069.538(460.27 M.) | ||
| 110 | 2 |
_aMuseo Romántico. _95922 |
|
| 245 | 1 | 3 |
_aLa escultura del Museo Romántico / _cWifredo Rincón. |
| 260 |
_aMadrid : _bAmigos del Museo Romántico, _c1994. |
||
| 300 |
_a63 p : _bil. col ; _c26 cm. |
||
| 650 |
_aEscultura- _zMuseo Romántico- _vCatálogos. _912423 |
||
| 700 | 1 |
_aRincón García, Wifredo. _997269 |
|
| 852 |
_aES-MaACL _jL-22982 _bR.127583 |
||
| 999 |
_c15763 _d15763 |
||